000 00706nam a22002292i 4500
001 20315
003 BD-RjUL
005 20211209000540.0
008 140227s1927 nyu 000 1 eng d
035 _a(OCoLC)5516163
035 _a(BD-RjUL)20377
040 _aGAT
_cGAT
_dOCL
_dWCW
_dEQO
_dBD-RjUL
_beng
041 _aeng
082 0 0 _a823.8
_bBUE 1927
100 1 _aButler, Samuel,
_d1835-1902.
_957621
245 1 0 _aErewhon and Erewhon revisited /
_cby Samuel Butler ; introduction by Lewis Mumford.
260 _aNew York :
_bModern Library,
_cc1927.
300 _axxvii, 622 p. ;
_c18 cm.
650 0 _aUtopias
_962621
830 0 _aModern library of the world's best books.
_9155687
942 _2ddc
_cBK
999 _c20315
_d20315